000 02947cam a2200517 a 4500
001 data
005 20260322212103.0
008 data
035 _a4929722
906 _a7
_bcbc
_ccopycat
_d2
_encip
_f19
_gy-gencatlg
010 _a 95110362
020 _a0192618008
_q2-vol. set
020 _a0192626035
_qv.1
020 _a0192626043
_qv.2
020 _a9780192618009
_q(2-vol. set)
020 _a9780192626035
_q(v.1)
020 _a9780192626042
_q(v.2)
035 _9(DLC) 95110362
035 _a(OCoLC)31518429
040 _aUk
_cUk
_dDLC
_dTMV
_dViBlbV
_dDLC
042 _alccopycat
050 0 4 _aRD31
_b.O94 1994
082 0 0 _a617
_220
245 0 0 _aOxford textbook of surgery /
_cedited by Peter J. Morris and Ronald A. Malt.
260 _aNew York :
_bOxford University Press,
_c1994.
300 _a2 v. (xxiv, 2764, 122 p.). :
_bill. (some col.) ;
_c29 cm.
336 _atext
_btxt
_2rdacontent
337 _aunmediated
_bn
_2rdamedia
338 _avolume
_bnc
_2rdacarrier
504 _aIncludes bibliographical references and indexes.
505 0 _av. 1. Wound healing -- Surgical infections and AIDS -- Anaesthesia and the operating room -- Care of the critically-ill patient -- Medical problems in the surgical patient -- Imaging the surgical practice -- Arteries -- Veins -- Abnormalities of the lymphatic system -- Organ transplantation -- Endocrine disease -- Breast -- Endoscopic surgery -- Oesophagus -- Stomach and duodenum -- Small intestine -- Surgery for obesity -- Colon and rectum -- Appendix -- Anus -- Peritoneum and intraperitoneal abscesses -- Liver -- Biliary tract -- Portal hypertension.
505 0 _aPancreas -- Abdominal wall, omentum, mesentery and retroperitoneum -- Endoscopy of the alimentary tract -- Acute abdomen -- Hernias of the abdominal wall -- v. 2. Gynaecology and obstetrics in general surgery -- Soft tissue tumours -- Skin -- Urology -- Cardiac surgery -- Thoracic surgery -- Paediatric surgery -- Spleen and haemopoietic tissues -- Neurosurgery -- Head and neck surgery -- Orthopaedics -- Surgery of tropical disease -- Cancer -- Irradiation in cancer -- Pain relief -- Plastic surgery -- Design of controlled clinical trials.
505 0 _aMolecular biology and clinical practice -- How should surgical trainees be selected?
505 0 _av. 1. Sections 1-29 and index -- v. 2. Sections 30-48 and index.
650 0 _aSurgery.
650 2 _aSurgery
653 0 _aSurgery
700 1 _aMorris, Peter J.,
_d1943-
700 1 _aMalt, Ronald A.
856 4 2 _3Publisher description
_uhttp://www.loc.gov/catdir/enhancements/fy0640/95110362-d.html
856 4 1 _3Table of contents only
_uhttp://www.loc.gov/catdir/enhancements/fy0640/95110362-t.html
922 _aad
991 _bc-GenColl
_hRD31
_i.O94 1994
_tCopy 1
_wBOOKS
999 _c1490
_d1490